| 000 | 00834nam a22002297a 4500 | ||
|---|---|---|---|
| 008 | 170714b xxu||||| |||| 00| 0 eng d | ||
| 020 | _a0-256-06852-6 | ||
| 082 |
_21992 _aDC 346.7307 _bB96 |
||
| 100 |
_921271 _aMetzger, Michael B. |
||
| 245 |
_aBusiness law and the regulatory environment : _bconcepts and cases / _cMichael B. Metzger ... [and three others] |
||
| 250 | _aEight Edition | ||
| 260 |
_aHomewood, IL : _bIrwin, _cc1992. |
||
| 300 |
_aix, 468 pages; _c27 cm. |
||
| 500 | _aIncludes bibliographical references and indexes. | ||
| 650 | 0 |
_921272 _aCommercial law -- United States -- Cases |
|
| 650 | 0 |
_921273 _aCommercial law -- United States |
|
| 700 |
_921274 _aMallor, Jane P. |
||
| 700 |
_921275 _aBarnes, A. James |
||
| 700 |
_921276 _aBowers, Thomas |
||
| 700 |
_921277 _aPhillips, Michael J. |
||
| 942 |
_2ddc _cDC |
||
| 999 |
_c7028 _d7028 |
||